000 00237nam a2200097Ia 4500
082 _aEKF BLAK
245 0 _aLoveykins
100 _a BLEKE, Quentin London, 2003
_992993
942 _cBK
008 210817s9999 xx 000 0 und d
999 _c379691
_d379690